[Event "em-team men"]
[Site "?"]
[Date "2003.10.14"]
[Round "4.7"]
[White "Mikhalchishin, Adrian"]
[Black "Chatalbashev, Boris"]
[Result "1/2-1/2"]
[WhiteElo "2522"]
[BlackElo "2534"]
[PlyCount "40"]
[EventDate "2003.10.14"]

1. Nf3 d5 2. c4 d4 3. e3 dxe3 4. fxe3 Nf6 5. d4 g6 6. c5 Bg7 7. Nc3 O-O 8. Bc4
Bg4 9. h3 Bxf3 10. Qxf3 Nc6 11. O-O Nxd4 {Diagram #} 12. Qxb7 Rb8 13. Qa6 Nc2
14. Rb1 Nd7 15. Qa4 Rb4 16. Bxf7+ Rxf7 17. Qxc2 Rxf1+ 18. Kxf1 Nxc5 19. Bd2 Rb6
20. Ne2 Rf6+ 1/2-1/2

[Event "em-team men"]
[Site "?"]
[Date "2003.10.14"]
[Round "4.10"]
[White "Acs, Peter"]
[Black "Nyback, Tomi"]
[Result "1/2-1/2"]
[WhiteElo "2593"]
[BlackElo "2497"]
[PlyCount "85"]
[EventDate "2003.10.14"]

1. e4 d6 2. d4 Nf6 3. Nc3 g6 4. f4 Bg7 5. Nf3 c5 6. Bb5+ Bd7 7. e5 Ng4 8. Bxd7+
Qxd7 9. d5 dxe5 10. h3 e4 11. hxg4 exf3 12. Qxf3 Na6 13. Bd2 O-O-O 14. O-O-O
Nc7 15. Be1 f5 16. gxf5 gxf5 17. Rh5 h6 18. Bh4 Rde8 {Diagram #} 19. Bxe7 Qxe7
20. d6 Qe3+ 21. Kb1 Bd4 22. Qxe3 Rxe3 23. dxc7 Bxc3 24. bxc3 Rxc3 25. Rxf5 Rh7
26. Rd2 Kxc7 27. Rf2 Rg7 28. Kb2 Rc4 29. Re5 Kd6 30. Re3 Rf7 31. g3 h5 32. Rh2
Rf5 33. c3 Rd5 34. Re8 Kd7 35. Rg8 a5 36. Rg7+ Kc6 37. Re2 Rd3 38. Re6+ Kd5 39.
Re5+ Kc6 40. Re6+ Kd5 41. Re5+ Kc6 42. Re6+ Kd5 43. Re5+ 1/2-1/2

[Event "em-team men"]
[Site "?"]
[Date "2003.10.14"]
[Round "4.13"]
[White "Hector, Jonny"]
[Black "Gunnarsson, Jon Viktor"]
[Result "1-0"]
[WhiteElo "2515"]
[BlackElo "2419"]
[PlyCount "83"]
[EventDate "2003.10.14"]

1. e4 e6 2. d4 d5 3. Nc3 Nf6 4. Bg5 Bb4 5. e5 h6 6. Bc1 Ne4 7. Qg4 g6 8. Nge2
c5 9. a3 Ba5 10. b4 Nxc3 11. Nxc3 cxd4 12. Nb5 Bc7 13. f4 Nc6 14. Bd3 a6 15.
Nxc7+ Qxc7 16. O-O Bd7 17. Qh4 Qd8 18. Qf2 O-O 19. Bd2 Kh7 20. a4 Qe7 21. Rab1
b5 22. a5 f6 23. exf6 Qxf6 24. Qg3 Ne7 25. Qh3 Nf5 26. Rbe1 Nd6 27. Re5 Qg7 28.
Rfe1 Rac8 29. Bc1 Nc4 30. Rh5 Ne3 31. Bxe3 dxe3 32. Qxe3 Kg8 33. Re5 Rc6 34.
Qd4 Qf6 35. Rf1 Be8 36. Rf3 Bf7 37. Rh3 Kg7 38. g4 Kg8 39. Rxh6 Be8 40. Rh3
Qxf4 {Diagram #} 41. Rh8+ Kxh8 42. Rh5+ 1-0

[Event "em-team men"]
[Site "?"]
[Date "2003.10.14"]
[Round "4.13"]
[White "Kristjansson, Stefan"]
[Black "Barkhagen, Jonas"]
[Result "1/2-1/2"]
[WhiteElo "2403"]
[BlackElo "2480"]
[PlyCount "93"]
[EventDate "2003.10.14"]

1. e4 e5 2. Nf3 Nc6 3. Bb5 a6 4. Bxc6 dxc6 5. Nc3 f6 6. d4 exd4 7. Nxd4 c5 8.
Nde2 Qxd1+ 9. Nxd1 Be6 10. Bf4 O-O-O 11. Ne3 Ne7 12. Rd1 Rxd1+ 13. Kxd1 g5 14.
Bg3 f5 15. Be5 Rg8 16. exf5 Nxf5 17. Nxf5 Bxf5 18. Re1 Bh6 19. f3 Rd8+ 20. Kc1
Re8 21. Bc3 g4+ 22. Bd2 gxf3 23. gxf3 Be3 24. Rd1 Bxd2+ 25. Kxd2 Bxc2 26. Rc1
Bg6 27. Rxc5 Rd8+ 28. Ke1 b6 29. Rg5 c5 30. f4 Rf8 31. Kf2 Kd7 32. Ke3 Kc6 33.
Re5 b5 34. Nc3 Re8 35. Rxe8 Bxe8 36. f5 Bf7 37. a3 b4 38. Ne4 h6 39. axb4 cxb4
40. Kd4 a5 41. Nf6 h5 42. Ne4 a4 43. Ng5 Bd5 44. f6 a3 45. bxa3 bxa3 46. Kc3
Kd6 47. h4 1/2-1/2

[Event "em-team men"]
[Site "?"]
[Date "2003.10.14"]
[Round "4.18"]
[White "Shaw, John"]
[Black "Atalik, Suat"]
[Result "0-1"]
[WhiteElo "2465"]
[BlackElo "2570"]
[PlyCount "80"]
[EventDate "2003.10.14"]

1. e4 c5 2. Nf3 Nc6 3. Bb5 Nf6 4. Qe2 g6 5. O-O Bg7 6. e5 Ng4 7. Bxc6 dxc6 8.
h3 Nh6 9. g4 O-O 10. d3 f5 11. g5 Nf7 12. Bf4 Qb6 13. b3 Nd8 14. Kh2 Ne6 15.
Qd2 Qb4 16. Kg3 b6 17. a3 Qxd2 18. Nbxd2 Bh8 19. Nc4 Ng7 20. Ng1 Be6 21. Ne3
Rad8 22. Ne2 Bd5 23. Nxd5 Rxd5 24. Rad1 Ne6 25. c4 Rd7 26. Rd2 Rfd8 27. Rfd1
Kf7 28. h4 Nxf4 29. Kxf4 Ke6 30. Ke3 Bxe5 31. f4 Bg7 32. a4 Kf7 33. d4 cxd4+
34. Nxd4 Bxd4+ 35. Rxd4 Rxd4 36. Rxd4 Rd6 37. Rxd6 exd6 38. Kd4 Ke6 39. b4 c5+
40. bxc5 bxc5+ 0-1

[Event "em-team men"]
[Site "?"]
[Date "2003.10.15"]
[Round "5.1"]
[White "Smirin, Ilia"]
[Black "Bareev, Evgeny"]
[Result "1/2-1/2"]
[WhiteElo "2670"]
[BlackElo "2739"]
[PlyCount "87"]
[EventDate "2003.10.15"]

1. e4 e6 2. d4 d5 3. Nd2 c5 4. Ngf3 cxd4 5. Nxd4 Ne7 6. Bb5+ Bd7 7. O-O Bxb5 8.
Nxb5 a6 9. Nc3 Nbc6 10. Nf3 dxe4 11. Nxe4 Ng6 12. Bg5 Qc7 13. c3 h6 14. Be3 Be7
15. Bc5 Bxc5 16. Nxc5 O-O 17. Qc2 Nce5 18. Nxe5 Nxe5 19. Nd3 Nxd3 20. Qxd3 Rfd8
21. Qe2 Rd5 22. Rad1 Rad8 23. Rxd5 Rxd5 24. Rd1 Qe5 25. Qf1 Qd6 26. Rxd5 Qxd5
27. Qb1 f5 28. g3 Kf7 29. a4 Qd2 30. Qa2 Qe1+ 31. Kg2 Qe4+ 32. Kg1 Qe1+ 33. Kg2
Qe4+ 34. Kg1 g5 35. Qb3 f4 36. Qd1 Ke7 37. gxf4 gxf4 38. f3 Qg6+ 39. Kf2 Qh5
40. Kg2 Qg6+ 41. Kf2 e5 42. Qd5 Qc2+ 43. Kg1 Qb1+ 44. Kg2 1/2-1/2

[Event "em-team men"]
[Site "?"]
[Date "2003.10.15"]
[Round "5.2"]
[White "Ibrahimov, Rasul"]
[Black "Borisek, Jure"]
[Result "1/2-1/2"]
[WhiteElo "2478"]
[BlackElo "2445"]
[PlyCount "67"]
[EventDate "2003.10.15"]

1. Nf3 Nf6 2. g3 d5 3. Bg2 c6 4. c4 Bg4 5. Ne5 Be6 6. cxd5 Bxd5 7. Nf3 c5 8.
Nc3 Bc6 9. O-O e6 10. d4 cxd4 11. Qxd4 Nbd7 12. Ne5 Bxg2 13. Kxg2 Nxe5 14. Qxe5
Be7 15. Qb5+ Qd7 16. Qxd7+ Nxd7 17. Rd1 Nf6 18. e4 a6 19. e5 Nd7 20. f4 f6 21.
exf6 Nxf6 22. Be3 Kf7 23. Kf3 Rac8 24. Rac1 b5 25. Ne4 Nd5 26. Bc5 a5 27. f5
exf5 28. Nd6+ Bxd6 29. Rxd5 Rhd8 30. Be3 Ke6 31. Rxb5 Rxc1 32. Bxc1 Rc8 33. Bf4
Bxf4 34. Kxf4 1/2-1/2

[Event "em-team men"]
[Site "?"]
[Date "2003.10.15"]
[Round "5.3"]
[White "Graf, Alexander"]
[Black "Lautier, Joel"]
[Result "1/2-1/2"]
[WhiteElo "2646"]
[BlackElo "2666"]
[PlyCount "31"]
[EventDate "2003.10.15"]

1. d4 d5 2. Nf3 Nf6 3. c4 e6 4. g3 dxc4 5. Qa4+ c6 6. Qxc4 b5 7. Qd3 Bb7 8. Bg2
Nbd7 9. O-O a6 10. a4 c5 11. dxc5 Bxc5 12. axb5 Be4 13. Qb3 Bd5 14. Qd3 Be4 15.
Qb3 Bd5 16. Qd3 1/2-1/2

[Event "em-team men"]
[Site "?"]
[Date "2003.10.15"]
[Round "5.4"]
[White "Tiviakov, Sergei"]
[Black "Fedorov, Alexei"]
[Result "1/2-1/2"]
[WhiteElo "2601"]
[BlackElo "2595"]
[PlyCount "47"]
[EventDate "2003.10.15"]

1. e4 c5 2. Nf3 Nc6 3. d4 cxd4 4. Nxd4 e5 5. Nb5 d6 6. N1c3 a6 7. Na3 b5 8. Nd5
Nge7 9. c4 Nd4 10. Be3 Nxd5 11. cxd5 Be7 12. Bd3 O-O 13. O-O Bf6 14. Qd2 g6 15.
Bxd4 exd4 16. Nc2 Qb6 17. Rad1 Re8 18. h3 Bg7 19. Rfe1 Ra7 20. Nb4 Rc7 21. Nc6
Bd7 22. Na5 Rec8 23. Qb4 Be5 24. Nb3 1/2-1/2

[Event "em-team men"]
[Site "?"]
[Date "2003.10.15"]
[Round "5.7"]
[White "Acs, Peter"]
[Black "Hracek, Zbynek"]
[Result "1-0"]
[WhiteElo "2593"]
[BlackElo "2578"]
[PlyCount "97"]
[EventDate "2003.10.15"]

1. e4 c5 2. Nf3 d6 3. d4 cxd4 4. Nxd4 Nf6 5. Nc3 a6 6. Be3 e5 7. Nb3 Be6 8. Qd2
Nbd7 9. f3 b5 10. O-O-O Nb6 11. Qf2 Nfd7 12. f4 Na4 13. Nxa4 bxa4 14. f5 Bxb3
15. cxb3 axb3 16. axb3 Be7 17. Kb1 O-O 18. g4 a5 19. Bb5 Rb8 20. Ba4 Nb6 21.
Bc6 Bg5 22. h4 Bxe3 23. Qxe3 Rc8 24. Bb5 Rc5 25. Qxc5 dxc5 26. Rxd8 Rxd8 27.
Rc1 Rc8 28. Rd1 Kf8 29. Rd6 Rb8 30. Rc6 Nd7 31. Bc4 Ke7 32. g5 h6 33. Rc7 hxg5
34. hxg5 Kd6 35. Ra7 f6 36. g6 Rc8 37. Rxa5 Nb6 38. Ra6 Kc6 39. Bd5+ Kb5 40.
Ra7 Nxd5 41. exd5 c4 42. bxc4+ Kxc4 43. Rxg7 Kxd5 44. Rf7 e4 45. Rxf6 Ke5 46.
Rf7 e3 47. g7 Ra8 48. Kc2 Kf4 49. f6 1-0

[Event "em-team men"]
[Site "?"]
[Date "2003.10.15"]
[Round "5.8"]
[White "San Segundo, Pablo"]
[Black "Wells, Peter K"]
[Result "1/2-1/2"]
[WhiteElo "2524"]
[BlackElo "2485"]
[PlyCount "51"]
[EventDate "2003.10.15"]

1. d4 Nf6 2. c4 e6 3. Nf3 d5 4. Nc3 dxc4 5. e4 Bb4 6. Bg5 c5 7. Bxc4 cxd4 8.
Nxd4 Bxc3+ 9. bxc3 Qa5 10. Bb5+ Nbd7 11. Bxf6 Qxc3+ 12. Kf1 gxf6 13. h4 Qa5 14.
Rh3 a6 15. Be2 Ne5 16. Qb3 b5 17. Rd1 Bd7 18. f4 Nc4 19. Bxc4 bxc4 20. Qb7 Rd8
21. Nc6 Bxc6 22. Qxc6+ Ke7 23. Qb7+ Ke8 24. Qc6+ Ke7 25. Qb7+ Ke8 26. Qc6+
1/2-1/2

[Event "em-team men"]
[Site "?"]
[Date "2003.10.15"]
[Round "5.9"]
[White "Volkmann, Friedrich"]
[Black "Moiseenko, Alexander"]
[Result "1/2-1/2"]
[WhiteElo "2452"]
[BlackElo "2618"]
[PlyCount "44"]
[EventDate "2003.10.15"]

1. e4 c5 2. Nf3 Nc6 3. Bb5 e6 4. Bxc6 bxc6 5. d3 Qc7 6. e5 f6 7. Qe2 fxe5 8.
Nxe5 Nf6 9. O-O Be7 10. f4 O-O 11. Nd2 d6 12. Nec4 Bd7 13. b3 Nd5 14. Ne4 Rf7
15. g3 a5 16. a3 a4 17. bxa4 Nb6 18. Nxb6 Qxb6 19. c4 Rxa4 20. Bb2 Ra8 21. Bc3
h6 22. a4 Qd8 1/2-1/2

[Event "em-team men"]
[Site "?"]
[Date "2003.10.15"]
[Round "5.9"]
[White "Baklan, Vladimir"]
[Black "Neubauer, Martin"]
[Result "1-0"]
[WhiteElo "2600"]
[BlackElo "2434"]
[PlyCount "83"]
[EventDate "2003.10.15"]

1. e4 e5 2. Nf3 Nf6 3. Nxe5 d6 4. Nf3 Nxe4 5. d4 d5 6. Bd3 Bd6 7. O-O O-O 8. c4
c6 9. Qc2 Na6 10. a3 Bg4 11. Ne5 Bh5 12. cxd5 cxd5 13. Bxe4 dxe4 14. Qxe4 Re8
15. Be3 Nc5 16. Qc2 Ne6 17. Qf5 Bg6 18. Nxg6 hxg6 19. Qh3 Bf4 20. Nc3 Ng5 21.
Qg4 Bxe3 22. fxe3 Nh7 23. Qf3 Qd7 24. Rfd1 Re7 25. e4 Rae8 26. Qg3 f5 27. e5 g5
28. Qf3 g6 29. Re1 Kg7 30. Qd5 Qc6 31. Rac1 Rd7 32. Qxc6 bxc6 33. Ne2 Rc8 34.
b4 Nf8 35. b5 Rdc7 36. bxc6 Rxc6 37. Rxc6 Rxc6 38. d5 Ra6 39. e6 Kf6 40. Nd4
Ke7 41. Nb5 Ra5 42. d6+ 1-0

[Event "em-team men"]
[Site "?"]
[Date "2003.10.15"]
[Round "5.9"]
[White "Weiss, Christian"]
[Black "Eljanov, Pavel"]
[Result "0-1"]
[WhiteElo "2402"]
[BlackElo "2597"]
[PlyCount "62"]
[EventDate "2003.10.15"]

1. c4 c5 2. Nf3 Nc6 3. Nc3 e5 4. g3 g6 5. Bg2 Bg7 6. O-O d6 7. d3 Nge7 8. a3
O-O 9. Rb1 a5 10. Ne1 Be6 11. Nd5 Rb8 12. Bg5 f6 13. Bd2 b5 14. f4 f5 15. Nxe7+
Nxe7 16. fxe5 dxe5 17. cxb5 Rxb5 18. Bc3 Nd5 19. Bxd5 Qxd5 20. e3 Rfb8 21. Rf2
c4 22. a4 Rb3 23. Qc2 cxd3 24. Nxd3 Bd7 25. Nc1 R3b7 26. Qd3 Qc5 27. Qd2 Bc6
28. Ne2 Rd7 29. Qc1 Qd5 30. Kf1 Qh1+ 31. Ng1 Be4 0-1

[Event "em-team men"]
[Site "?"]
[Date "2003.10.15"]
[Round "5.10"]
[White "Hellsten, Johan"]
[Black "Zelcic, Robert"]
[Result "1/2-1/2"]
[WhiteElo "2534"]
[BlackElo "2552"]
[PlyCount "83"]
[EventDate "2003.10.15"]

1. d4 Nf6 2. c4 e6 3. Nc3 Bb4 4. e3 b6 5. Nge2 Ba6 6. a3 Be7 7. Nf4 d5 8. b3
O-O 9. Bd3 dxc4 10. Bxc4 Bxc4 11. bxc4 Nbd7 12. O-O Bd6 13. Bb2 c6 14. Nd3 Qb8
15. f4 c5 16. Qf3 a6 17. g4 b5 18. g5 bxc4 19. gxf6 Nxf6 20. dxc5 cxd3 21. Rab1
Be7 22. Ne4 Qd8 23. Bxf6 Bxf6 24. Rfd1 Be7 25. Rb3 f5 26. Nd6 Qc7 27. Nb7 Rac8
28. Rbxd3 Bxc5 29. Rd7 Qb6 30. Nxc5 Qxc5 31. Qg3 Qc3 32. h4 Rc7 33. R1d3 Qa1+
34. Rd1 Rc1 35. Qxg7+ Qxg7+ 36. Rxg7+ Kxg7 37. Rxc1 Kf6 38. Rc6 Rg8+ 39. Kf2
Rg4 40. Rxa6 Rxh4 41. Ra7 Rh2+ 42. Kg3 1/2-1/2

[Event "em-team men"]
[Site "?"]
[Date "2003.10.15"]
[Round "5.11"]
[White "Cheparinov, Ivan"]
[Black "Banikas, Hristos"]
[Result "1-0"]
[WhiteElo "2531"]
[BlackElo "2522"]
[PlyCount "65"]
[EventDate "2003.10.15"]

1. e4 c5 2. Nf3 d6 3. d4 cxd4 4. Nxd4 Nf6 5. Nc3 g6 6. Be3 Bg7 7. f3 Nc6 8. Qd2
O-O 9. Bc4 Bd7 10. O-O-O Rb8 11. Bb3 Na5 12. Bh6 b5 13. g4 b4 14. Nd5 Nxb3+ 15.
Nxb3 Nxd5 16. Bxg7 Kxg7 17. exd5 a5 18. h4 a4 19. h5 Rh8 20. Nd4 f6 21. Rde1
Kf7 22. Qe3 g5 23. Rh2 Rc8 24. Rhe2 Re8 25. f4 b3 26. axb3 axb3 27. Qxb3 gxf4
28. g5 fxg5 29. Qd3 Kg8 30. Rg1 Qb6 31. Rxg5+ Kh8 32. h6 Ra8 33. Nb3 1-0

[Event "em-team men"]
[Site "?"]
[Date "2003.10.15"]
[Round "5.12"]
[White "Georgiev, Kiril"]
[Black "Kelly, Brian"]
[Result "1-0"]
[WhiteElo "2651"]
[BlackElo "2487"]
[PlyCount "75"]
[EventDate "2003.10.15"]

1. Nf3 Nf6 2. d4 d5 3. c4 c6 4. cxd5 cxd5 5. Nc3 Nc6 6. Bf4 Bf5 7. e3 e6 8. Qb3
Bb4 9. Bb5 O-O 10. O-O Bxc3 11. Qxc3 Rc8 12. Rfc1 Qb6 13. a4 Ne4 14. Qa3 h6 15.
Bxc6 bxc6 16. Ne5 Qb7 17. f3 f6 18. Nd3 Ng5 19. Nc5 Qe7 20. Nb3 Qd7 21. Rc3 Nf7
22. Rac1 e5 23. Bg3 Rc7 24. Na5 Rfc8 25. Rc5 Qe8 26. Qc3 Kh8 27. b4 exd4 28.
exd4 Re7 29. Nxc6 Re3 30. Re1 Rxe1+ 31. Qxe1 Qxe1+ 32. Bxe1 Bd7 33. Nxa7 Re8
34. Bg3 Bxa4 35. b5 Re2 36. Rxd5 Rb2 37. h4 Kg8 38. Rc5 1-0

[Event "em-team men"]
[Site "?"]
[Date "2003.10.15"]
[Round "5.12"]
[White "Fox, Anthony"]
[Black "Stanojoski, Zvonko"]
[Result "0-1"]
[WhiteElo "2126"]
[BlackElo "2497"]
[PlyCount "66"]
[EventDate "2003.10.15"]

1. e4 c5 2. Nc3 Nc6 3. g3 g6 4. Bg2 Bg7 5. d3 d6 6. Be3 h5 7. h3 Bd7 8. Qd2 Rb8
9. f4 b5 10. Nf3 b4 11. Nd1 Qc8 12. c3 bxc3 13. bxc3 Nf6 14. Ng5 O-O 15. O-O
Qa6 16. Rc1 Qa3 17. Bf2 Nh7 18. Nf3 Be6 19. Rc2 Rb1 20. Ne3 Rxf1+ 21. Bxf1 Rb8
22. Bg2 Rb1+ 23. Kh2 Ra1 24. Nd5 Rb1 25. Ne3 Na5 26. f5 Bd7 27. fxg6 fxg6 28.
Nd5 e6 29. Nf4 Nf8 30. Ng5 Bh6 31. h4 Bxg5 32. hxg5 Ba4 33. Rc1 Qxc1 0-1

[Event "em-team men"]
[Site "?"]
[Date "2003.10.15"]
[Round "5.13"]
[White "Genov, Petar"]
[Black "Pelletier, Yannick"]
[Result "1/2-1/2"]
[WhiteElo "2494"]
[BlackElo "2604"]
[PlyCount "31"]
[EventDate "2003.10.15"]

1. d4 Nf6 2. c4 e6 3. Nf3 Bb4+ 4. Bd2 a5 5. g3 b6 6. Bg2 Bb7 7. O-O Bxd2 8.
Qxd2 O-O 9. Nc3 Ne4 10. Nxe4 Bxe4 11. Rfd1 d6 12. Qe3 Bb7 13. Rac1 Nd7 14. Ne5
Bxg2 15. Nxd7 Qxd7 16. Kxg2 1/2-1/2

[Event "em-team men"]
[Site "?"]
[Date "2003.10.15"]
[Round "5.13"]
[White "Jenni, Florian"]
[Black "Petrov, Marijan"]
[Result "1-0"]
[WhiteElo "2522"]
[BlackElo "2471"]
[PlyCount "89"]
[EventDate "2003.10.15"]

1. e4 g6 2. d4 Bg7 3. Nf3 d6 4. Bc4 Nf6 5. Qe2 O-O 6. O-O c6 7. Bb3 Bg4 8. Nbd2
e5 9. c3 Nh5 10. h3 Nf4 11. Qd1 Be6 12. dxe5 dxe5 13. Nc4 Qxd1 14. Rxd1 Ne2+
15. Kf1 Nxc1 16. Raxc1 Nd7 17. Na5 Nc5 18. Bxe6 fxe6 19. b4 Nxe4 20. Nxb7 Rab8
21. Na5 c5 22. a3 a6 23. Re1 Rf4 24. Rc2 Rc8 25. c4 Rb8 26. Nc6 Rb6 27. Nfxe5
Ng3+ 28. Kg1 Re4 29. Rxe4 Nxe4 30. Ne7+ Kf8 31. Nd7+ Kxe7 32. Nxb6 Kd6 33. Na4
Bd4 34. Nxc5 Nxc5 35. bxc5+ Bxc5 36. Kf1 a5 37. a4 Ke5 38. Rd2 h5 39. Ke2 Ke4
40. Rd7 Bb4 41. g3 Bc5 42. h4 Bb4 43. f3+ Kf5 44. Rb7 Bc3 45. Rb3 1-0

[Event "em-team men"]
[Site "?"]
[Date "2003.10.15"]
[Round "5.13"]
[White "Landenbergue, Claude"]
[Black "Rusev, Krasimir"]
[Result "1/2-1/2"]
[WhiteElo "2441"]
[BlackElo "2379"]
[PlyCount "37"]
[EventDate "2003.10.15"]

1. e4 c5 2. Nf3 e6 3. c3 Nc6 4. d4 cxd4 5. cxd4 d5 6. e5 Nge7 7. Be3 Nf5 8. Nc3
Be7 9. Bd3 Nxe3 10. fxe3 f5 11. exf6 Bxf6 12. O-O O-O 13. Rf2 Qe8 14. a3 Bd7
15. Qc2 Qh5 16. Raf1 Rae8 17. Qe2 Qh6 18. Bb5 a6 19. Ba4 1/2-1/2

[Event "em-team men"]
[Site "?"]
[Date "2003.10.15"]
[Round "5.14"]
[White "David, Alberto"]
[Black "Godena, Michele"]
[Result "1-0"]
[WhiteElo "2560"]
[BlackElo "2523"]
[PlyCount "53"]
[EventDate "2003.10.15"]

1. c4 e6 2. Nc3 d5 3. d4 Nf6 4. cxd5 exd5 5. Bg5 c6 6. e3 Nbd7 7. Bd3 Be7 8.
Nf3 Nh5 9. Bxe7 Qxe7 10. O-O Nhf6 11. Qc2 O-O 12. Rab1 a5 13. a3 Re8 14. Rfc1
Nf8 15. Na4 Qd8 16. b4 axb4 17. axb4 b5 18. Nc5 Re7 19. Ne5 Qd6 20. Nb3 Bb7 21.
Na5 Ra6 22. Ra1 Rb6 23. Qc5 Qc7 24. Naxc6 Bxc6 25. Nxc6 Re6 26. Ra8 Rd6 {
Diagram #} 27. Rc8 1-0

[Event "em-team men"]
[Site "?"]
[Date "2003.10.15"]
[Round "5.14"]
[White "Arlandi, Ennio"]
[Black "Bakalarz, Mieczyslaw"]
[Result "1/2-1/2"]
[WhiteElo "2438"]
[BlackElo "2320"]
[PlyCount "60"]
[EventDate "2003.10.15"]

1. d4 Nf6 2. c4 g6 3. Nc3 d5 4. cxd5 Nxd5 5. e4 Nxc3 6. bxc3 Bg7 7. Bc4 c5 8.
Ne2 O-O 9. O-O Nc6 10. Be3 Bd7 11. Rb1 a6 12. d5 Ne5 13. Bb3 Qc8 14. Kh1 Bb5
15. f4 Nc4 16. Bg1 a5 17. a4 Ba6 18. Qc1 e6 19. Rd1 Rd8 20. Ng3 exd5 21. exd5
Bh6 22. Ne4 Qf5 23. Nxc5 Bxf4 24. Qc2 Qxc2 25. Bxc2 Nd2 26. Rb2 Nc4 27. Ra2 Ne3
28. Bxe3 Bxe3 29. Nxa6 Rxa6 30. Rb2 Rf6 1/2-1/2

[Event "em-team men"]
[Site "?"]
[Date "2003.10.15"]
[Round "5.15"]
[White "Butnorius, Algimantas"]
[Black "Karttunen, Mika"]
[Result "1-0"]
[WhiteElo "2424"]
[BlackElo "2379"]
[PlyCount "113"]
[EventDate "2003.10.15"]

1. c4 Nf6 2. Nc3 e6 3. d4 Bb4 4. e3 b6 5. Nge2 Ne4 6. Qc2 Bb7 7. a3 Bxc3+ 8.
Nxc3 Nxc3 9. Qxc3 O-O 10. b3 Qf6 11. Bb2 d6 12. Qc2 Qh6 13. Bd3 f5 14. O-O-O
Bxg2 15. Rhg1 Bf3 16. Rde1 d5 17. Rg3 Be4 18. f3 Bxd3 19. Qxd3 Nd7 20. Kb1 Rf7
21. Qc2 Nf6 22. Bc1 Qh5 23. Qg2 Rd7 24. cxd5 Nxd5 25. Rg1 Qf7 26. Qc2 g6 27. e4
f4 28. Rg5 Ne3 29. Qc6 Rad8 30. Bb2 Qe7 31. d5 Kf7 32. Qc3 Ke8 33. Qe5 Qc5 34.
Rc1 Qf8 35. Qxe6+ Re7 36. Qc6+ Kf7 37. Bf6 Rd6 38. Bxe7 Rxc6 39. Bxf8 Rxc1+ 40.
Kxc1 Kxf8 41. Rg1 Ke7 42. Kd2 Kd6 43. Rc1 Kd7 44. Kd3 g5 45. Rc6 h5 46. h3 Ng2
47. Ke2 Ne3 48. Rg6 Nc2 49. Rxg5 Nd4+ 50. Kd3 Nxf3 51. Rxh5 c5 52. e5 b5 53.
Ke4 Nd2+ 54. Kxf4 Nxb3 55. Rh7+ Kc8 56. e6 c4 57. Rh8+ 1-0

[Event "em-team men"]
[Site "?"]
[Date "2003.10.15"]
[Round "5.16"]
[White "Atalik, Suat"]
[Black "Haznedaroglu, Kivanc"]
[Result "1/2-1/2"]
[WhiteElo "2570"]
[BlackElo "2305"]
[PlyCount "62"]
[EventDate "2003.10.15"]

1. d4 d5 2. c4 c6 3. Nc3 Nf6 4. Nf3 dxc4 5. a4 Bf5 6. e3 e6 7. Bxc4 Bb4 8. O-O
O-O 9. Qe2 Bg6 10. Ne5 Nbd7 11. Nxg6 hxg6 12. Rd1 Qa5 13. Bd2 Rad8 14. Be1 e5
15. Qc2 exd4 16. Rxd4 Ne5 17. Ba2 c5 18. Rdd1 Qa6 19. Rxd8 Rxd8 20. Nb5 Bxe1
21. Rxe1 Qa5 22. Rd1 Rxd1+ 23. Qxd1 Qb4 24. b3 a6 25. Nd6 Nd5 26. Nc4 Nxc4 27.
bxc4 Nc3 28. Qd8+ Kh7 29. Qh4+ Kg8 30. Qd8+ Kh7 31. Qh4+ Kg8 1/2-1/2

[Event "em-team men"]
[Site "?"]
[Date "2003.10.15"]
[Round "5.16"]
[White "Atakisi, Umut"]
[Black "Kurajica, Bojan"]
[Result "0-1"]
[WhiteElo "2311"]
[BlackElo "2557"]
[PlyCount "46"]
[EventDate "2003.10.15"]

1. e4 b6 2. d4 Bb7 3. Bd3 e6 4. Nf3 c5 5. Nc3 Nf6 6. O-O Be7 7. dxc5 bxc5 8. e5
Nd5 9. Ne4 Qc7 10. c4 Nb4 11. Bb1 N8c6 12. Nd6+ Bxd6 13. exd6 Qb6 14. Be3 Na6
15. a3 Na5 16. Ne5 Nb3 17. Ra2 Rf8 18. Bg5 f6 19. Qh5+ Kd8 20. Qxh7 Qxd6 21.
Bc2 Qxe5 22. Bh4 Nd4 23. Qxg7 Kc7 0-1

[Event "em-team men"]
[Site "?"]
[Date "2003.10.15"]
[Round "5.16"]
[White "Kilicaslan, Hasan"]
[Black "Bistric, Faruk"]
[Result "0-1"]
[WhiteElo "2314"]
[BlackElo "2503"]
[PlyCount "48"]
[EventDate "2003.10.15"]

1. d4 Nf6 2. Nf3 c5 3. e3 g6 4. c3 b6 5. Nbd2 Bg7 6. a4 Nc6 7. Bc4 O-O 8. O-O
Bb7 9. Qe2 d5 10. Bb5 Qc7 11. h3 Nd7 12. Rd1 a6 13. Bd3 e5 14. e4 dxe4 15. Nxe4
exd4 16. cxd4 Nxd4 17. Nxd4 Bxd4 18. Bh6 Rfe8 19. Qf3 Bd5 20. Re1 Re6 21. Re2
Bg7 22. Bxg7 Kxg7 23. Rae1 Rae8 24. Bc2 f6 0-1

[Event "em-team men"]
[Site "?"]
[Date "2003.10.15"]
[Round "5.17"]
[White "Van Beers, Eddy"]
[Black "Antoniou, Antonis"]
[Result "1-0"]
[WhiteElo "2431"]
[BlackElo "2208"]
[PlyCount "43"]
[EventDate "2003.10.15"]

1. e4 e5 2. Nc3 Nf6 3. Bc4 Nc6 4. d3 Bc5 5. f4 d6 6. Nf3 Be6 7. Bb5 Bd7 8. f5
Nd4 9. Bxd7+ Nxd7 10. Na4 c6 11. Nxc5 dxc5 12. O-O Qb6 13. Nd2 O-O-O 14. a4 c4
15. Nxc4 Qc5 16. Be3 b5 17. axb5 cxb5 18. Na5 Qc7 19. c3 Nc6 20. Nxc6 Qxc6 21.
Rxa7 Nc5 22. Qa1 1-0

[Event "em-team men"]
[Site "?"]
[Date "2003.10.15"]
[Round "5.18"]
[White "Kristjansson, Stefan"]
[Black "Spice, Alan"]
[Result "1-0"]
[WhiteElo "2403"]
[BlackElo "2181"]
[PlyCount "71"]
[EventDate "2003.10.15"]

1. e4 e6 2. d4 d5 3. e5 c5 4. c3 Nc6 5. Nf3 Qb6 6. a3 c4 7. Nbd2 Na5 8. g3 Bd7
9. h4 h6 10. Bh3 O-O-O 11. O-O Kb8 12. Re1 Ne7 13. Rb1 Rc8 14. Nf1 Qb3 15. Qe2
Ba4 16. Ne3 Qb6 17. h5 Nb3 18. Nh2 Nc6 19. Nc2 Nxc1 20. Rexc1 Bxc2 21. Qxc2 Be7
22. Kg2 Na5 23. Rf1 Rce8 24. f4 Qc6 25. Rbe1 b5 26. f5 exf5 27. Qxf5 f6 28. Ng4
Ref8 29. exf6 Bxf6 30. Ne5 Bxe5 31. Qxf8+ Rxf8 32. Rxf8+ Kb7 33. Rxe5 Qc7 34.
Be6 Kb6 35. Bxd5 Nb3 36. Rf7 1-0

[Event "em-team men"]
[Site "?"]
[Date "2003.10.15"]
[Round "5.18"]
[White "Kett, Tim"]
[Black "Thorfinnsson, Bragi"]
[Result "1/2-1/2"]
[WhiteElo "2145"]
[BlackElo "2388"]
[PlyCount "59"]
[EventDate "2003.10.15"]

1. d4 Nf6 2. Nf3 e6 3. g3 b6 4. Bg2 Bb7 5. O-O c5 6. c4 cxd4 7. Nxd4 Bxg2 8.
Kxg2 Qc7 9. b3 a6 10. Bb2 Be7 11. Nc3 Qb7+ 12. Kg1 O-O 13. Qd3 Rd8 14. Qf3 Nc6
15. Rfd1 Rab8 16. Nxc6 Qxc6 17. Qxc6 dxc6 18. e3 b5 19. cxb5 axb5 20. f3 Rdc8
21. Rd2 c5 22. a4 bxa4 23. bxa4 c4 24. a5 Bc5 25. Kf2 Rb3 26. a6 h5 27. Rc2 Ba7
28. Ra4 Nd7 29. Ke2 Rc6 30. Nd1 1/2-1/2

[Event "em-team men"]
[Site "?"]
[Date "2003.10.15"]
[Round "5.18"]
[White "Thorfinnsson, Bjorn"]
[Black "Gandy, Andrew"]
[Result "1/2-1/2"]
[WhiteElo "2351"]
[BlackElo "2104"]
[PlyCount "72"]
[EventDate "2003.10.15"]

1. d4 d5 2. Nf3 c6 3. c4 Nf6 4. Nc3 dxc4 5. a4 Na6 6. e4 Bg4 7. Bxc4 Bxf3 8.
gxf3 e6 9. Qe2 Nb4 10. Be3 Qc7 11. d5 e5 12. dxc6 bxc6 13. O-O a5 14. Nb5 Qb8
15. f4 Be7 16. fxe5 Qxe5 17. f4 Qb8 18. Nc3 Qc8 19. Kh1 Qg4 20. Qf2 Qh3 21. Qf3
Qxf3+ 22. Rxf3 Nc2 23. Rc1 Nxe3 24. Rxe3 O-O 25. e5 Ng4 26. Re2 Kh8 27. Ne4
Rad8 28. Kg2 Nh6 29. Ng3 g6 30. Rcc2 Rd4 31. Kf3 Bb4 32. Re4 Rfd8 33. Be2 Rxe4
34. Kxe4 c5 35. Ke3 Kg7 36. Bf3 Rd4 1/2-1/2